Ovinotecnia / (Record no. 78896)

MARC details
000 -LEADER
campo de control de longitud fija 00647nam a2200181 i 4500
001 - NÚMERO DE CONTROL
campo de control 78896
003 - IDENTIFICADOR DE NÚMERO DE CONTROL
campo de control ES-MaACL
005 - FECHA Y HORA DE LA ÚLTIMA TRANSACCIÓN
campo de control 20230906173839.0
007 - CAMPO FIJO DE DESCRIPCIÓN FÍSICA--INFORMACIÓN GENERAL
campo de control de longitud fija t|
008 - DATOS DE LONGITUD FIJA--INFORMACIÓN GENERAL
campo de control de longitud fija 041018s1952 ag ||||1| spa d
100 1# - ENTRADA PRINCIPAL--NOMBRE DE PERSONA
Nombre de persona Helman, Mauricio B.
9 (RLIN) 62466
245 10 - MENCIÓN DEL TÍTULO
Título Ovinotecnia /
Mención de responsabilidad, etc. Mauricio B. Helman.
250 ## - MENCION DE EDICION
Mención de edición [1ª ed.].
260 ## - PUBLICACIÓN, DISTRIBUCIÓN, ETC.
Lugar de publicación, distribución, etc. Buenos Aires :
Nombre del editor, distribuidor, etc. El Ateneo,
Fecha de publicación, distribución, etc. [1952] (
Fabricante F. y M. Mercatali)
300 ## - DESCRIPCIÓN FÍSICA
Extensión 3 t. :
Otras características físicas il. ;
Dimensiones 27 cm.
505 8# - NOTA DE CONTENIDO CON FORMATO
Nota de contenido con formato Contiene: T. I: Exterior y razas. -- T. II: Cría y explotación de ovinos. -- T. III: Producción, comercio e industrialización de ovinos y sus productos
852 ## - LOCALIZACIÓN
Ubicación ES-MaACL
Número de control de estantería C-14130-32
Sublocalización o colección R.41732
Holdings
Estatus retirado Estado de pérdida Estado de daño No para préstamo Biblioteca de origen Biblioteca actual Ubicación en estantería Fecha de adquisición Fuente de adquisición Total de préstamos Signatura topográfica completa Código de barras Visto por última vez Precio de reemplazo Tipo de ítem Koha
        Biblioteca del Ateneo de Madrid Biblioteca del Ateneo de Madrid Sala Palomar 17/01/2008     C-14130-32 1082509 23/02/2023 23/02/2023 Libro impreso